[Event "Florianopolis op 11th"]
[Site "Florianopolis"]
[Date "2025.01.24"]
[Round "8"]
[White "Schmidt Portillo, John Alexander"]
[Black "Walenga, Paulo Roberto Jr"]
[Result "1/2-1/2"]
[WhiteElo "1542"]
[BlackElo "1800"]
[PlyCount "121"]
[EventDate "2025.01.18"]
[EventType "swiss"]
[EventRounds "10"]
[EventCountry "BRA"]
[SourceTitle "CB05_2025"]
[SourceDate "2025.01.29"]
[SourceVersion "1"]
[SourceVersionDate "2025.01.29"]
[SourceQuality "1"]

1. e4 c5 2. Nc3 Nc6 3. Bb5 Nd4 4. Bc4 g6 5. Nf3 Bg7 6. d3 e6 7. Bf4 a6 8. 0-0 Ne7 9. Nxd4 cxd4 10. Ne2 Nc6 11. Qd2 h6 12. a3 b5 13. Ba2 Bb7 14. Bd6 Be5 15. Bxe5 Nxe5 16. f4 Nc6 17. f5 gxf5 18. exf5 Ne5 19. fxe6 dxe6 20. Qf4 Qd6 21. Nxd4 0-0-0 22. Rae1 Qxd4+ 23. Re3 Qxf4 24. Rxf4 Bd5 25. b3 f6 26. h3 Nd7 27. c4 e5 28. Rf2 Bc6 29. Rd2 f5 30. d4 exd4 31. Rxd4 Rhg8 32. Re2 Rg3 33. Rf4 Rdg8 34. Bb1 Rxg2+ 35. Rxg2 Rxg2+ 36. Kf1 Rb2 37. Bxf5 Rxb3 38. cxb5 Bxb5+ 39. Kg2 Rxa3 40. Rh4 Ra2+ 41. Kg3 Ra3+ 42. Kh2 Rf3 43. Bxd7+ Kxd7 44. Rxh6 Ke7 45. h4 Kf7 46. Kg2 Rd3 47. h5 Kg7 48. Rg6+ Kh7 49. Kf2 Rh3 50. Rg5 Kh6 51. Rc5 Rxh5 52. Rxh5+ Kxh5 53. Ke3 Kg5 54. Kd2 Kf4 55. Kc1 Ke3 56. Kb1 Kd2 57. Ka1 Kc3 58. Ka2 a5 59. Ka1 Bc4 60. Kb1 Kb3 61. Ka1 1/2-1/2

[Event "Florianopolis op 11th"]
[Site "Florianopolis"]
[Date "2025.01.21"]
[Round "5"]
[White "Melo, Sergio Roberto Samp"]
[Black "Walenga, Paulo Roberto Jr"]
[Result "1-0"]
[WhiteElo "1731"]
[BlackElo "1800"]
[PlyCount "127"]
[EventDate "2025.01.18"]
[EventType "swiss"]
[EventRounds "10"]
[EventCountry "BRA"]
[SourceTitle "CB05_2025"]
[SourceDate "2025.01.29"]
[SourceVersion "1"]
[SourceVersionDate "2025.01.29"]
[SourceQuality "1"]

1. Nf3 g6 2. c4 Bg7 3. g3 b6 4. Bg2 Bb7 5. 0-0 Nf6 6. Nc3 0-0 7. d4 e6 8. e3 d6 9. Qe2 h6 10. Rd1 Kh7 11. Ng5+ hxg5 12. Bxb7 Nbd7 13. Bxa8 Qxa8 14. e4 Bh6 15. e5 Nh5 16. Ne4 dxe5 17. Nxg5+ Kg7 18. d5 Bxg5 19. Bxg5 f6 20. Be3 exd5 21. Rxd5 Rf7 22. Rad1 Qc8 23. Qd2 Nf8 24. Bh6+ Kh7 25. Bxf8 Qxf8 26. Rd7 f5 27. Rxf7+ Qxf7 28. Qd7 Kg7 29. Qxf7+ Kxf7 30. Rd7+ Ke6 31. Rxc7 Nf6 32. Rxa7 Nd7 33. Rxd7 Kxd7 34. Kf1 Kc6 35. Ke2 Kc5 36. Kd3 e4+ 37. Kc3 g5 38. b4+ Kc6 39. Kd4 Kd6 40. c5+ bxc5+ 41. bxc5+ Kc6 42. a4 f4 43. gxf4 gxf4 44. Kxe4 Kxc5 45. Kxf4 Kb4 46. h4 Kxa4 47. h5 Kb4 48. h6 Kc3 49. h7 Kd2 50. h8R Ke2 51. Ra8 Kf1 52. Ra1+ Kg2 53. f3 Kh3 54. Rg1 Kh2 55. Rg8 Kh3 56. Ke3 Kh4 57. f4 Kh5 58. Rg5+ Kh6 59. Ke4 Kh7 60. Kf5 Kh8 61. Kf6 Kh7 62. Rg1 Kh8 63. Kf7 Kh7 64. Rh1# 1-0

[Event "Florianopolis op 11th"]
[Site "Florianopolis"]
[Date "2025.01.20"]
[Round "4"]
[White "Walenga, Paulo Roberto Jr"]
[Black "Machado, Vinicius de Camargo"]
[Result "1/2-1/2"]
[WhiteElo "1800"]
[BlackElo "1775"]
[PlyCount "85"]
[EventDate "2025.01.18"]
[EventType "swiss"]
[EventRounds "10"]
[EventCountry "BRA"]
[SourceTitle "CB05_2025"]
[SourceDate "2025.01.29"]
[SourceVersion "1"]
[SourceVersionDate "2025.01.29"]
[SourceQuality "1"]

1. e4 e6 2. d4 d5 3. e5 c5 4. c3 Nc6 5. Nf3 Qb6 6. Bd3 Bd7 7. 0-0 cxd4 8. Nbd2 dxc3 9. bxc3 Nge7 10. h4 Ng6 11. Re1 Bc5 12. Re2 Nf4 13. Rb1 Nxe2+ 14. Qxe2 Qc7 15. Nb3 Be7 16. Bd2 a6 17. Rc1 b5 18. Nbd4 Ba3 19. Rc2 Na5 20. Ng5 g6 21. h5 Nc4 22. Bf4 Be7 23. Nxh7 0-0-0 24. hxg6 fxg6 25. Bxg6 Rdg8 26. Bd3 Rg7 27. Qh5 Bc5 28. Qh6 Rgxh7 29. Bxh7 Bxd4 30. cxd4 Qd8 31. Bg5 Rxh7 32. Qxh7 Qxg5 33. Qh8+ Kb7 34. Qh7 Kc7 35. Rc3 Qd2 36. Rg3 Qxd4 37. Rg7 Nxe5 38. Qh8 Qd1+ 39. Kh2 Qe2 40. Qf8 Kb6 41. Qb8+ Kc6 42. Qa8+ Kb6 43. Qb8+ 1/2-1/2